Melville Goodwin, USA / (Record no. 21517)
[ view plain ]
| 000 -LEADER | |
|---|---|
| fixed length control field | 00591nam a2200205 a 4500 |
| 001 - CONTROL NUMBER | |
| control field | 21517 |
| 003 - CONTROL NUMBER IDENTIFIER | |
| rucl marc code | BD-RjUL |
| 005 - DATE AND TIME OF LATEST TRANSACTION | |
| control field | 20211209000709.0 |
| 008 - FIXED-LENGTH DATA ELEMENTS--GENERAL INFORMATION | |
| fixed length control field | 140304s1951 xx 000 1 eng d |
| 035 ## - SYSTEM CONTROL NUMBER | |
| System control number | (BD-RjUL)21581 |
| 040 ## - CATALOGING SOURCE | |
| Original cataloging agency | ANL |
| Language of cataloging | eng |
| Transcribing agency | ANL |
| Modifying agency | BD-RjUL |
| 041 ## - LANGUAGE CODE | |
| Language code of text/sound track or separate title | eng |
| 082 04 - DEWEY DECIMAL CLASSIFICATION NUMBER | |
| Classification number | 813.52 |
| Edition number | 21 |
| Author mark and year | MAM 1951 |
| 100 1# - MAIN ENTRY--PERSONAL NAME | |
| Personal name | Marquand, John P. |
| Fuller form of name | (John Phillips), |
| Dates associated with a name | 1893-1960. |
| 9 (RLIN) | 66432 |
| 245 10 - TITLE STATEMENT | |
| Title | Melville Goodwin, USA / |
| Statement of responsibility, etc. | by John P. Marquand. |
| 260 ## - PUBLICATION, DISTRIBUTION, ETC. (IMPRINT) | |
| Place of publication, distribution, etc. | Boston : |
| Name of publisher, distributor, etc. | Little Brown, |
| Date of publication, distribution, etc. | c1951. |
| 300 ## - PHYSICAL DESCRIPTION | |
| Pagination | 568 p. ; |
| Size | 18 cm. |
| 650 #0 - SUBJECT ADDED ENTRY--TOPICAL TERM | |
| Topical term or geographic name as entry element | Soldiers |
| Geographic subdivision | United States. |
| 9 (RLIN) | 66459 |
| 942 ## - ADDED ENTRY ELEMENTS (KOHA) | |
| Source of classification or shelving scheme | Dewey Decimal Classification |
| Koha item type | Books |
| Lost status | Source of classification or shelving scheme | Damaged status | Not for loan | Collection code | Permanent Location | Current Location | Shelving location | Date acquired | Source of acquisition | Total Checkouts | Full call number | Date last seen | Copy number | Koha item type |
|---|---|---|---|---|---|---|---|---|---|---|---|---|---|---|
| Dewey Decimal Classification | Added to bundle | Fiction | Central Library, University of Rajshahi | Central Library, University of Rajshahi | Reading Room | 17/08/1965 | U. S. I. S. | 813.52 MAM 1951 | 04/03/2014 | C-1 | Books |